Bài tập đại số sơ cấp T.2

Guardat en:
Dades bibliogràfiques
Autor principal: Kretsmar, V.A
Format: Llibre
Publicat: H. Giáo dục 1978
Col·lecció:Sách đại học sư phạm
Matèries:
Etiquetes: Afegir etiqueta
Sense etiquetes, Sigues el primer a etiquetar aquest registre!
Thư viện lưu trữ: Trung tâm Học liệu Lê Vũ Hùng, Trường Đại học Đồng Tháp
LEADER 00953pam a22002538a 4500
001 00020222
005 20171026081025.0
008 110513s1978 ||||||Viesd
041 0 # |a Vie 
082 1 4 |a 512.007 6  |b B103T 
100 0 # |a Kretsmar, V.A 
245 0 0 |a Bài tập đại số sơ cấp  |c V.A.Kretsmar  |n T.2 
260 # # |a H.  |b Giáo dục  |c 1978 
300 # # |a 152 tr.  |c 21 cm. 
490 0 # |a Sách đại học sư phạm 
650 # 4 |a Bài tập 
650 # 4 |a Đại số sơ cấp 
852 # # |b Kho giáo trình  |j KGT.0003879, KGT.0003880, KGT.0003881, KGT.0003882, KGT.0003883, KGT.0003884, KGT.0003885, KGT.0003886, KGT.0003887 
852 # # |b Kho mượn  |j KGT.0003879 
852 # # |b Kho đọc  |j KD.0005595 
852 # # |j KD.0005595  |j KGT.0003880  |j KGT.0003884  |j KGT.0003887  |j KGT.0003879  |j KGT.0003885 
910 0 # |d 13/05/2011 
980 # # |a Trung tâm Học liệu Lê Vũ Hùng, Trường Đại học Đồng Tháp